Normal view
MARC view
Entry Personal Name
001 - CONTROL NUMBER
- control field: 51138
003 - CONTROL NUMBER IDENTIFIER
- control field: ARRUPE
005 - DATE AND TIME OF LATEST TRANSACTION
- control field: 20220401135734.0
008 - FIXED-LENGTH DATA ELEMENTS
- fixed length control field: 220401|| aca||aabn | a|a d
040 ## - CATALOGING SOURCE
- Original cataloging agency: ARRUPE
- Transcribing agency: ARRUPE
100 ## - HEADING--PERSONAL NAME
- Personal name: Orobator,Agbonkhianmeghe E.SJ
670 ## - SOURCE DATA FOUND
- Source citation: Work cat.: (ARRUPE)131207: Orobator,Agbonkhianmeghe E.SJ, The Pope and the pandemic., 2021